Pays où il y a le plus de bouddhistes - Statistiques

Statistiques générales
  • Ce quiz a été pris 443 fois
  • Le résultat moyen est 11 sur 15
Statistiques - réponses
Pourcentage Pays % Correct
18,3% Chine
98%
33,2% Japon
93%
16,2% Vietnam
88%
92,6% Thaïlande
87%
21,9% Corée du Sud
85%
96,8% Cambodge
82%
64% Laos
82%
54,4% Mongolie
76%
74,7% Bhoutan
72%
15,7% Malaisie
70%
21,2% Taïwan
70%
68,6% Sri Lanka
66%
32,2% Singapour
64%
79,8% Myanmar
23%
17,3% Macao
3%
Aucun quiz correspondant
Distribution des résultats
% des personnes avec chaque résultat
Percentile par nombre de réponses
Votre historique - résultats
Vous n’avez pas pris ce quiz